Efektívnosť kooperácie s Gidrosila Kirovograd záverečná práca postgraduálneho štúdia

Salvato in:
Dettagli Bibliografici
Autore principale: Adamčík, Ľubomír
Ente Autore: Vysoká škola ekonomická v Bratislave
Altri autori: Raček, Pavol
Natura: Libro
Lingua:slovacco
Pubblicazione: Bratislava 1990
Tags: Aggiungi Tag
Nessun Tag, puoi essere il primo ad aggiungerne!!

MARC

LEADER 00000nam a2200000 4500
001 c022127
005 20221215070438.1
041 0 |a slo 
044 |a SK 
245 1 0 |a Efektívnosť kooperácie s Gidrosila Kirovograd  |b záverečná práca postgraduálneho štúdia  |c Ľubomír Adamčík ; Ved. práce Pavol Raček 
264 1 |a Bratislava  |c 1990 
300 |a 49 s. 
100 1 |a Adamčík, Ľubomír 
700 1 |a Raček, Pavol 
710 2 |a Vysoká škola ekonomická v Bratislave